[Event "Rhein Main op-B 19th"]
[Site "Bad Homburg"]
[Date "2016.05.28"]
[Round "5"]
[White "Kaehnert, Marc"]
[Black "Zilch, Lothar"]
[Result "0-1"]
[WhiteElo "1680"]
[BlackElo "1955"]
[PlyCount "54"]
[EventDate "2016.05.25"]
[EventType "swiss"]
[EventRounds "7"]
[EventCountry "GER"]
[SourceTitle "EXT 2017"]
[Source "ChessBase"]
[SourceDate "2016.10.25"]
[SourceVersion "1"]
[SourceVersionDate "2016.10.25"]
[SourceQuality "1"]

1. f4 d5 2. d4 Nf6 3. Nf3 c5 4. e3 Nc6 5. c3 e6 6. Bd3 Be7 7. Nbd2 Bd7 8. Ne5 0-0 9. 0-0 Ne8 10. Qh5 f5 11. Kh1 c4 12. Bc2 Nf6 13. Qh3 Nxe5 14. fxe5 Ne4 15. Nxe4 fxe4 16. Bd2 b5 17. Rf4 Bg5 18. Rxf8+ Qxf8 19. Qg3 Qf5 20. h4 Bh6 21. Bd1 Qf1+ 22. Kh2 Rf8 23. Be1 Qd3 24. Bf2 Qd2 25. Bf3 exf3 26. gxf3 Bxe3 27. Rf1 Bf4 0-1

[Event "Cologne Longerich op-B 12th"]
[Site "Cologne"]
[Date "2015.08.02"]
[Round "4"]
[White "Schwab, Wolfgang"]
[Black "Kaehnert, Marc"]
[Result "1/2-1/2"]
[WhiteElo "1584"]
[BlackElo "1516"]
[PlyCount "90"]
[EventDate "2015.07.31"]
[EventType "tourn"]
[EventRounds "5"]
[EventCountry "GER"]
[SourceTitle "EXT 2017"]
[Source "ChessBase"]
[SourceDate "2016.10.25"]
[SourceVersion "1"]
[SourceVersionDate "2016.10.25"]
[SourceQuality "1"]

1. c4 c6 2. Nf3 d5 3. cxd5 cxd5 4. d4 Nc6 5. Bf4 Nf6 6. e3 Qa5+ 7. Nbd2 Ne4 8. Be2 Nxd2 9. Nxd2 e6 10. 0-0 Be7 11. a3 0-0 12. b4 Qd8 13. Nb3 Bd6 14. Bxd6 Qxd6 15. Rc1 b6 16. Bd3 f5 17. f4 Bd7 18. Rf3 Ne7 19. Rh3 g6 20. Nd2 Rac8 21. Nf3 Rxc1 22. Qxc1 Rc8 23. Qd2 Qc7 24. Ng5 Qc1+ 25. Qxc1 Rxc1+ 26. Kf2 h5 27. Nf3 Rc3 28. Ne5 Be8 29. Rg3 Rxa3 30. Be2 Ra2 31. Ke1 Kh7 32. Nf3 Kg7 33. Ne5 Kf6 34. h3 Nc6 35. Bb5 Nxe5 36. fxe5+ Ke7 37. Bxe8 Kxe8 38. Rxg6 Kf7 39. Rf6+ Ke7 40. Kf1 Rb2 41. Rh6 a6 42. Rh7+ Kf8 43. Ra7 Rxb4 44. Rxa6 Kf7 45. Ra7+ Kf8 1/2-1/2

[Event "Cologne Longerich op-B 12th"]
[Site "Cologne"]
[Date "2015.07.31"]
[Round "1"]
[White "Sewald, Richard"]
[Black "Kaehnert, Marc"]
[Result "1-0"]
[WhiteElo "1665"]
[BlackElo "1516"]
[PlyCount "51"]
[EventDate "2015.07.31"]
[EventType "tourn"]
[EventRounds "5"]
[EventCountry "GER"]
[SourceTitle "EXT 2017"]
[Source "ChessBase"]
[SourceDate "2016.10.25"]
[SourceVersion "1"]
[SourceVersionDate "2016.10.25"]
[SourceQuality "1"]

1. Nf3 d5 2. d3 Nf6 3. g3 c6 4. Bg2 Bf5 5. Nbd2 Nbd7 6. c4 e6 7. a3 Qa5 8. b4 Bxb4 9. Qb3 Bxd2+ 10. Bxd2 Qb6 11. Qc2 0-0 12. 0-0 Qa6 13. c5 b6 14. cxb6 Qxb6 15. Rab1 Qa6 16. Nd4 Rfc8 17. Nxf5 exf5 18. Rb3 Rab8 19. Rfb1 Rxb3 20. Rxb3 h6 21. Qc1 Kh7 22. Bh3 Kg6 23. Qb1 d4 24. e4 fxe4 25. dxe4 d3 26. Bf5+ 1-0